Ligue 1 - Statystyki

Ogólne statystyki
  • Ten quiz został rozwiązany 28 razy
  • Średni wynik to 9 z 18
Statystyki odpowiedzi
drużyna % Poprawnych
Paris Saint-Germain
100%
AS Monaco
82%
Olympique Lyon
82%
Brest
73%
Olympique Marsylia
73%
Lens
68%
LOSC Lille
59%
Nicea
59%
Stade de Rennes
45%
Strasbourg
41%
Montpellier
36%
Nantes
36%
Stade de Reims
32%
Le Havre
27%
Lorient
23%
Clermont Foot
18%
Metz
18%
Toulouse
18%
Nie znaleziono quizów pasujących do podanych kryteriów
Rozkład punktacji
Procent ludzi z każdym wynikiem
Percentyl według liczby udzielonych odpowiedzi
Twoja historia wyników
Nie rozwiązałeś tego quizu